Meilleur pv 2g - Statistiques

Statistiques générales
  • Ce quiz a été pris 7 fois
  • Le résultat moyen est 10 sur 14
Statistiques - réponses
Hint Réponse % Correct
100 celebi
100%
106 ho-oh
100%
255 leuphorie
100%
106 lugia
100%
100 suicune
100%
100 tyranocif
100%
115 entei
67%
100 insolourdo
67%
100 mega tyranocif
67%
100 azumarill
33%
100 cochignon
33%
125 lanturn
33%
100 noarfang
33%
190 qulbutoke
33%
Aucun quiz correspondant
Distribution des résultats
% des personnes avec chaque résultat
Percentile par nombre de réponses
Votre historique - résultats
Vous n’avez pas pris ce quiz